| 000 | 00890nam a2200289 4500 | ||
|---|---|---|---|
| 001 | 4090009 | ||
| 003 | ARRUPE | ||
| 005 | 20150909145411.0 | ||
| 008 | 710628s1971 nmu b 001 0 eng | ||
| 010 | _a 73152513 | ||
| 040 |
_aDLC _cDLC _dDLC |
||
| 050 | 0 | 0 |
_aBD332 _b.S34 |
| 082 | 0 | 0 | _a110 |
| 100 | 1 |
_aSchmidt, Paul Frederic, _d1925- _919670 |
|
| 245 | 1 | 0 |
_aRebelling, loving, and liberation; _ba metaphysics of the concrete _c[by] Paul F. Schmidt. |
| 250 | _a[1st ed.] | ||
| 260 |
_aAlbuquerque, _bHummingbird Press, _c1971. |
||
| 300 |
_a198 p. _c23 cm. |
||
| 504 | _aBibliography: p. [187]-193. | ||
| 650 | 0 |
_aConcrete (Philosophy) _919671 |
|
| 650 | 0 |
_aSelf (Philosophy) _917967 |
|
| 650 | 0 |
_aRevolutions. _911132 |
|
| 650 | 0 |
_aLove. _919672 |
|
| 650 | 0 |
_aFree will and determinism. _919673 |
|
| 906 |
_a7 _bcbc _corignew _d2 _encip _f19 _gy-gencatlg |
||
| 942 |
_2lcc _cMONOGRAPH |
||
| 999 |
_c123351 _d123351 |
||